| 000 | 00636nam a2200217 a 4500 | ||
|---|---|---|---|
| 001 | 000018674 | ||
| 005 | 20200929165834.0 | ||
| 008 | 100512s1950 mx a 000 f spa d | ||
| 040 |
_aDO-SdBNP _bspa _cBNPHU |
||
| 082 |
_a928.3 _bD724S |
||
| 100 | 1 |
_aSoler Alonso, Pedro, _940330 |
|
| 245 | 1 | 0 |
_aDostoievski : _bel atormentado / _cPedro Soler Alonso. |
| 260 |
_aMéxico : _bAmanecer, _c1950. |
||
| 300 |
_a316 p. : _bil. ; _c20 cm. |
||
| 490 | 1 | _aPensamiento | |
| 600 | 1 | 0 |
_aDOSTOYEVSK, FYODOR, _d1821-1881 _940331 |
| 650 | 4 |
_aLiteratura rusa _94743 |
|
| 830 | 0 |
_aPensamiento _99245 |
|
| 910 | _aCatalogación original | ||
| 049 | _aBNGR | ||
| 999 |
_c18194 _d18194 |
||